Normal view
MARC view
Entry Personal Name
001 - CONTROL NUMBER
- control field: 1236490
003 - CONTROL NUMBER IDENTIFIER
- control field: OSt
005 - DATE AND TIME OF LATEST TRANSACTION
- control field: 20260430150117.0
008 - FIXED-LENGTH DATA ELEMENTS
- fixed length control field: 260430|| aca||aabn | a|a d
040 ## - CATALOGING SOURCE
- Original cataloging agency: OSt
- Transcribing agency: OSt
100 ## - HEADING--PERSONAL NAME
- Personal name: Mittal Rupali Au.; Awasthi Satish Kumar Gu
670 ## - SOURCE DATA FOUND
- Source citation: Work cat.: (OSt)1848972: Mittal Rupali Au.; Awasthi Satish Kumar Gu., De Novo Design and Synthesis of Diversified Carbon based and Metal Oxide Materials for Functional Group Transformations in Organic Reactions, 2021
